Responses for Show #7121 - Monday, July 27, 2015

Scott Lord game 6.
Alex Trebek's audio was re-recorded when his voice recovered.

Contestants

[<< previous game]

Luke McQuage, an engineer originally from Austin, Texas

Suzanne Vito, a writer from Albany, California

Scott Lord, a construction attorney from Santa Monica, California (whose 5-day cash winnings total $108,002)

[next game >>]

Jeopardy! Round responses

STATE OF THE ESTATE
(Alex: We'll give you the estate.)
MY LITTLE PONY NAMES
FOOD & DRINK
TECH SAVVY
BIOGRAPHIES
IN B__W
    $200 16
California

Suzanne
    $200 21
Lucky

Suzanne
    $200 6
vegetables

Scott
    $200 26
it getting wet

Luke
    $200 1
(Robert) Ripley

Luke
    $200 15
a bear claw

Scott
    $400 11
Virginia

Suzanne
    $400 22
Slugger

Scott
    $400 8
lemonade

Scott
    $400 27
tagging (or auto-tagging)

Suzanne
    $400 2
Michelangelo

Luke
    $400 17
brother-in-law

Scott
    $600 7
New York

Suzanne
    $600 23
Goldilocks

Scott
    $600 12
Sideways

Suzanne
    $600 28
peer

Suzanne
    $600 3
Tip O'Neill

Luke
    $600 18
(Scott: What is a bower window?)

bay window

ScottLuke
    $800 9
Delaware

Scott
    $800 24
Barnacle

Suzanne
    $800 13
ice cream (gelato accepted)

Suzanne
    $800 29
Yosemite

Suzanne
    $800 4
Wonder Woman

Suzanne
    $800 19
bestow

Suzanne
    $1000 10
Rhode Island

Scott
    $1000 25
(Scott: I know a lot of [*]s.)

Drummer

Scott
    $1000 14
a chicken in every pot

Suzanne
    $1000 30
spoof

Suzanne
    $1,000 5
the Marquess of Queensberry

Suzanne
    $1000 20
billow

Triple Stumper

Scores at the first commercial break (after clue 15):

Scott Suzanne Luke
$2,600 $5,200 $1,200

Scores at the end of the Jeopardy! Round:

Scott Suzanne Luke
$4,400 $10,000 $2,000

Double Jeopardy! Round responses

THE KNIGHTS TEMPLAR
COMPOUND WORDS
GERMAN LIT
GEOGRAPHER'S "D"ICTIONARY
POP MUSIC
IN COLOR
    $400 1
Jerusalem

Suzanne
    $400 11
throwback Thursday

Scott
    $400 16
Isolde

Suzanne
    $400 26
(Suzanne: Per capita?)
(Alex: No.)
(Suzanne: Oh--)
(Alex: Luke?)
(Luke: What is per capita?)
...
(Alex: Remember, each correct resp--response must begin with the letter "D"...)

density

SuzanneLuke
Triple Stumper
    $400 2
"Dancing Queen"

Scott
    $400 21
the Purple Heart

Luke
    $800 3
a (red) cross

Luke
    $800 12
keynote

Scott
    $800 17
Goethe

Scott
    $800 30
the deep

Triple Stumper
    $800 6
Ed Sheeran

Luke
    $800 22
the Golden Rule

Luke
    $1200 4
a Grand Master

Scott
    $1200 13
(Luke: What is Chocolate Milk?)
(Suzanne: What is Milkshake?)

Buttermilk

SuzanneLuke
Triple Stumper
    $1200 18
The Tin Drum

Suzanne
    $1200 29
a dale

Suzanne
    $1200 8
(Suzanne: Who is Cat Power?)

Ariana Grande

Suzanne
Triple Stumper
    $1200 23
the black sheep

Suzanne
    $1600 5
the Moors

Suzanne
    $1600 14
a scapegoat

Luke
    $1600 19
[The clue properly omitted spaces before the opening quotation marks, as shown.]

inkheart & inkspell

Suzanne
    $3,000 28
(Luke: What is a... decameter?)

a degree

Luke
    $1600 9
the Beastie Boys

Luke
    $1600 24
Agent Orange

Luke
    $2000 7
Cyprus

Luke
    $2000 15
a wheelbarrow

Suzanne
    $2000 20
(Luke: Who is Faust?)

E.T.A. Hoffmann

Luke
Triple Stumper
    $2000 27
(Suzanne: What is desiccation?)

desertification

SuzanneLuke
    $2000 10
(Suzanne: Who is CĂ©line Dion?)

Sarah McLachlan

Suzanne
Triple Stumper
    $3,000 25
(Alex: Luke?)
[The time's-up signal sounds.]
(Luke: What are merit badges?)

brownie points

Luke

Scores at the end of the Double Jeopardy! Round:

Scott Suzanne Luke
$8,000 $12,800 $4,000

[wagering suggestions for these scores]

Final Jeopardy! Round responses

CLASSICAL MUSIC
(Alex: [To Scott] And his response... is going to cost him because he left out one syllable.)
LukeWho is Scheherezade?
$3,900
ScottWho was Scherazade?
$8,000
SuzanneWho is Circe?
$3,300
Scheherazade

Final scores:

Scott Suzanne Luke
$0 $9,500 $7,900
3rd place: $1,000 New champion: $9,500 2nd place: $2,000

Game dynamics:

Coryat scores:

Scott Suzanne Luke
$8,000 $12,800 $10,000
14 R,
1 W
23 R
(including 1 DD),
5 W
14 R,
5 W
(including 2 DDs)

Combined Coryat: $30,800

[game clues] [game scores] [suggest correction]

Game tape date: Unknown
The J! Archive is created by fans, for fans. Scraping, republication, monetization, and malicious use prohibited; this site may use cookies and collect identifying information. See terms. The Jeopardy! game show and all elements thereof, including but not limited to copyright and trademark thereto, are the property of Jeopardy Productions, Inc. and are protected under law. This website is not affiliated with, sponsored by, or operated by Jeopardy Productions, Inc. Join the discussion at JBoard.tv.